| 000 | 00618nam a2200193 i 4500 | ||
|---|---|---|---|
| 001 | 138953 | ||
| 003 | ES-MaACL | ||
| 005 | 20250729014427.0 | ||
| 007 | t| | ||
| 008 | 070214s1951 sp r ||||1| fre d | ||
| 100 | 1 |
_aSaporta, Marcello. _9103726 |
|
| 245 | 1 | 4 |
_aLes frontiers du droit d'auteur / _cMarcello Saporta. |
| 260 |
_a[s.l.] : _b[s.n.], _c1951. |
||
| 300 |
_a19 p. ; _c22 cm. |
||
| 500 | _aExtrait des Annales de la Propieté Industrielle Artistique et Litteraire, fasc. 4, 1951. | ||
| 650 | 0 | 7 |
_aPropiedad intelectual _2embne _916488 |
| 852 |
_aES-MaACL _j1934-F-28 _bR.32010 |
||
| 999 |
_c138953 _d138953 |
||